00626nab a2200193 uc450000100070000000500170000700800410002403500110006503500210007604000130009704100080011010000300011824500900014865000310023865000300026965000180029965000260031777300890034371869020240904093228.0020211e19900901 fre  a718690 a(OCoLC)819931896 ccomduadb afre10aDabene, Michael4auteaut14aDes ecrits (extra) ordinaires : elements pour une analysis de l'actualite scripturale aProcessus de communication aProceso de comunicación aCommunication 7aComunicación2embne0 tLidil (France)gNo. 03, Sep. 1990/Lidil (France), p. 9-26w693410x1146-64800213918